000 00329nam a2200121Ia 4500
008 240624s9999 xx 000 0 und d
041 _aeng
082 _a658.408 FER
100 _aFERNANDO A C
245 _aCORPORATE GOVERNANCE PRINCIPLES POLICIES
260 _c2009
_aNew Delhi
_bPearson Education
300 _a575 : p. : cm. ; 24
999 _c13270
_d13270